Vrais noms des footballeurs - Statistiques

Statistiques générales
  • Ce quiz a été pris 29 fois
  • Le résultat moyen est 6 sur 30
Statistiques - réponses
Hint Réponse % Correct
Ronaldo Luis Nazário de Lima Ronaldo
81%
Edson Arantes do Nascimento Pelé
62%
Pedro Miguel Carreiro Resendes Pauleta
50%
Vítor Machado Ferreira Vitinha
46%
Ronaldo de Assis Moreira Ronaldinho
42%
Cristiano Marques Gomes Cris
35%
Tiago Cardoso Mendes Tiago
35%
Diogo José Teixeira da Silva Diogo Jota
23%
Frederico Chaves Guedes Fred
23%
Lucas Tolentino Coella de Lima Lucas Paqueta
19%
Arthur Antunes Coimbra Zico
19%
Éderzito António Macedo Lopes Eder
15%
Robson De Souza Robinho
15%
Jorge Luiz Frello Filho Jorginho
12%
Ricardo Izecson dos Santos Leite Kaka
12%
Luís Carlos Almeida da Cunha Nani
12%
Képler Laveran Lima Ferreira Pepe
12%
Carlos Caetano Bledorn Verri Dunga
8%
Manoel Francisco dos Santos Garrincha
8%
Givanildo Vieira de Souza Hulk
8%
Antônio Augusto Ribeiro Reis Júnior Juninho
8%
José Paulo Bezerra Maciel Júnior Paulinho
8%
José Roberto da Silva Júnior Zé Roberto
8%
Marcos Evangelista de Moraes Cafu
4%
Lucimar da Silva Ferreira Lucio
4%
José Roberto Gama de Oliveira Bebeto
0%
Anderson Luís de Souza Deco
0%
Nélson de Jesus Silva Dida
0%
Osvaldo Giroldo Júnior Juninho Paulista
0%
Nuno Ricardo de Oliveira Ribeiro Maniche
0%
Aucun quiz correspondant
Distribution des résultats
% des personnes avec chaque résultat
Percentile par nombre de réponses
Votre historique - résultats
Vous n’avez pas pris ce quiz